|
|
|
|
| LEADER |
00000nas a2200000 i 4500 |
| 001 |
ssj0008515 |
| 003 |
WaSeSS |
| 005 |
20200512172242.0 |
| 006 |
m d |
| 007 |
cr n |
| 008 |
810904c19819999nyuqn p s 0 a0eng |
| 010 |
|
|
|a 81643497
|
| 022 |
|
|
|l 0278-193X
|y 0278-193X
|
| 032 |
|
|
|a 518990
|b USPS
|
| 035 |
|
|
|a (WaSeSS)ssj0008515
|
| 040 |
|
|
|a DLC
|b eng
|c DLC
|d NSD
|d OCL
|d DLC
|d NSD
|d AIP
|d NSD
|d NST
|d AGL
|d OCL
|d NSD
|d AGL
|d IUL
|d NSD
|d GUA
|d NSD
|d WAU
|d NSD
|d HUL
|d SYS
|d GUA
|d OCLCQ
|d OCLCO
|d DLC
|d OCLCQ
|d CUS
|d OCLCF
|d GILDS
|d OCLCQ
|d NDD
|d LF8
|d OCLCO
|d ZQP
|d OCLCO
|d WaSeSS
|
| 042 |
|
|
|a pcc
|a nsdp
|
| 050 |
0 |
0 |
|a HQ759
|b .M284
|
| 070 |
0 |
|
|a HQ759
|b M28
|
| 072 |
|
0 |
|a U300
|
| 072 |
|
0 |
|a U400
|
| 082 |
0 |
4 |
|a 306.8/7
|
| 130 |
0 |
|
|a Working mother (New York, N.Y. : 1981)
|
| 210 |
0 |
|
|a Work. mother
|b (N.Y.N.Y., 1981)
|
| 222 |
|
0 |
|a Working mother
|b (New York, N.Y. 1981)
|
| 245 |
1 |
0 |
|a Working mother
|h [electronic resource].
|
| 246 |
1 |
|
|i Issue for <July/Aug. 1996-> has title:
|a WorkingMother
|
| 260 |
|
|
|a New York, N.Y. :
|b McCall Pub. Co.,
|c 1981-
|
| 310 |
|
|
|a Quarterly (April, June, August and October),
|b <2018>-
|
| 321 |
|
|
|a Monthly (except June/July, Aug./Sept., and Dec./Jan.),
|b 2002-
|
| 321 |
|
|
|a Frequency varies,
|b 1981-2001
|
| 362 |
0 |
|
|a [Vol. 4, no. 3] (May 1981)-
|
| 500 |
|
|
|a Title from cover.
|
| 500 |
|
|
|a Publisher: Working Woman/McCall's Group, <Jan. 1988->; WWT Partnership, <Oct. 1989->; Lang Communications, <Sept. 1993->; MacDonald Communications Corporation, <1997->; Bonnier Corporation, <2011->
|
| 506 |
|
|
|a License restrictions may limit access.
|
| 550 |
|
|
|a Issued by: McCall's, <Jan. 1988->
|
| 580 |
|
|
|a Has special issue: 100 best companies for working mothers.
|
| 588 |
|
|
|a Latest issue consulted: July/Aug. 1997.
|
| 650 |
|
0 |
|a Mothers
|v Periodicals.
|
| 650 |
|
0 |
|a Mothers
|x Employment
|v Periodicals.
|
| 650 |
|
7 |
|a Mothers.
|2 fast
|0 (OCoLC)fst01026940
|
| 650 |
|
7 |
|a Mothers
|x Employment.
|2 fast
|0 (OCoLC)fst01026954
|
| 655 |
|
0 |
|a Electronic journals.
|
| 730 |
0 |
2 |
|a 100 best companies for working mothers.
|
| 730 |
0 |
|
|a McCall's (Los Angeles, Calif. : 1921)
|
| 770 |
1 |
|
|t 100 best companies for working mothers
|w (DLC)sn 97047534
|w (OCoLC)31315047
|
| 780 |
0 |
0 |
|t McCall's working mother
|x 0160-6131
|w (DLC) 79643698
|w (OCoLC)3717876
|
| 850 |
|
|
|a DLC
|a DNAL
|a GU
|a IC
|a InU
|a NN
|a PPiU
|
| 853 |
3 |
0 |
|8 1
|a v.
|b no.
|i (year)
|j (month)
|w m
|
| 856 |
4 |
0 |
|z Full text available from Research Library: 12/01/2004 to present
|u https://search.proquest.com/publication/5263
|
| 863 |
4 |
1 |
|8 1.1
|a <4>
|b <3>
|i <1981>
|j <05>
|